000 00826nam a2200121Ia 4500
008 220615s9999||||xx |||||||||||||| ||und||
245 0 _aDinaric Perspectives on TIMSS 2019
_bTeaching and Learning Mathematics and Science in South-Eastern Europe
546 _aEnglish[eng]
650 _aTIMSS 2019||Student attitudes in mathematics||Student attitudes in science||achievement at the primary level||early learning activities||Regional characteristics of school||educational systems Dinaric||School resources at primary level||teachers Western Balkan region||IEA studies across the Dinaric region||Educational policies||Open access
700 _aJapelj Pavešić, Barbara||Koršňáková, Paulína||Meinck, Sabine
856 _uhttps://library.oapen.org/bitstream/20.500.12657/51474/1/9783030858025.pdf
942 _cEB
999 _c15015
_d15015